02643cam a2200577 i 4500001001200000003000600012005001700018008004100035020004800076035002200124035002300146040009100169041001300260045001700273046000900290100004800299245017100347260011100518300004400629336002700673337005400700338002800754380001600782380002300798388001000821500013500831504004600966536012401012600004301136600004501179648002601224648002601250650002801276650003601304650002801340650002501368650003401393650004701427650003401474651002401508651003201532655002601564658001301590658005101603700005701654710013401711920005001845942001501895999001701910952013801927xx004867713NUKAT20260424120325.0200522s2020 pl a |001 0bpol c a9788380988583q(oprawa twarda) :czł 30,00 a(OCoLC)1156651756 a(NUKAT)xx004867713 aKAT U/AMbpolerdacKAT U/AMsdKAT U/AMdWR O/MMtdWA 392/MDdWA 14/ABsdOLSZT 008/bak1 apolhhun2 bd1879bd1941 k20181 aAblonczy, Balázsd(1974- ).eAutor94045310aPál Teleki (1879-1941) /cBalázs Ablonczy ; przekład Szymon Brzeziński ; Instytut Pamięci Narodowej. Komisja Ścigania Zbrodni przeciwko Narodowi Polskiemu. aWarszawa :bInstytut Pamięci Narodowej - Komisja Ścigania Zbrodni przeciwko Narodowi Polskiemu,c2020. a231, [1] strona :bilustracje ;c24 cm. aTekstbtxt2rdacontent aBez urządzenia pośredniczącegobn2rdamedia aWoluminbnc2rdacarrier aKsiążki aPublikacje naukowe1 a2001- aNa stronie redakcyjnej: Współpraca: Węgierski Instytut Kultury w Warszawie oraz Fundacja im. Wacława Felczaka w Budapeszcie. aBibliografia na stronach 214-219. Indeks. aKsiążka została wydana przy wsparciu finansowym Nemzeti Kulturális Alap (Narodowy Fundusz Kultury) w Budapeszcie17aTeleki, Páld(1879-1941)2DBN94045417aTeleki, Páld(1879-1941).2kaba940455 7a1801-19002DBN936037 7a1901-20002DBN934996 7aGeografowie2DBN940456 7aHarcerze i harcerki2DBN940094 7aMinistrowie2DBN937238 7aPolitycy2DBN936070 7aPremier (urząd)2DBN940457 7aPolitycyzWęgryvbiografie.2kaba940458 7aBiografiey20 w.2kaba940459 7aWęgry2DBN935869 7aWęgryy20 w.2kaba940460 7aBiografia2DBN935059 aHistoria aPolityka, politologia, administracja publiczna1 aBrzeziński, Szymond(1981- ).eTłumaczenie9164182 aInstytut Pamięci Narodowej - Komisja Ścigania Zbrodni przeciwko Narodowi Polskiemu.eInstytucja sprawczaeWydawca4pbl911792 a978-83-8098-858-3 (oprawa twarda) : zł 30,00 2ddccBK_NM c27744d27744 00102ddc40708K_magaBIPbBIPd2020-11-30eD-36/2020fDg30.00i59929l0o59929pIPWK21630r2026-04-24 12:05:18w2026-04-24yBK_NM